Kto Wybiegł Wtedy na boisko Węgry 3-3 Polska - Statystyki

Ogólne statystyki
  • Ten quiz został rozwiązany 73 razy
  • Średni wynik to 17 z 33
Statystyki odpowiedzi
Pozycja Nazwisko % Poprawnych
N Lewandowski
98%
Bramkarz Szczęsny
95%
Trener Sousa
94%
ŚO Bednarek
92%
Zmiennik Glik
92%
ŚP Krychowiak
91%
N Milik
91%
ŚPO Zieliński
86%
Zmiennik Piątek
85%
Zmiennik Jóźwiak
79%
SO Bereszyński
76%
ŚO Helik
73%
ŚP Moder
67%
PP/CPS Szymański
65%
Zmiennik Rybus
59%
Zmiennik Grosicki
56%
LP/CLS Reca
55%
ŚO Szalai
53%
N Szalai
53%
ŚO Orban
50%
Bramkarz Gulacsi
48%
N Sallai
45%
ŚO Fiola
26%
ŚP Nagy
20%
PP/CPS Lovrencsics
12%
ŚP Kalmar
11%
ŚP Kleinheisler
9%
Zmiennik Nego
9%
Trener Rossi
9%
Zmiennik Varga
8%
Zmiennik Lang
6%
Zmiennik Siger
5%
LP/CLS Hangya
3%
Nie znaleziono quizów pasujących do podanych kryteriów
Rozkład punktacji
Procent ludzi z każdym wynikiem
Percentyl według liczby udzielonych odpowiedzi
Twoja historia wyników
Nie rozwiązałeś tego quizu